zpět

Detail výsledku týmu

The Pub Praha 2 ST, Praha

Datum a čas kvízu

31 Celkem bodů Celkový počet nahraných bodů na tomto kvízu bez doplňovacích otázek.
8. Pořadí na kvízu Konečné umístění týmu na tomto kvízu.

Zaznamenané odpovědi

# Otázka Odpověď Body Výsledky
1. Od pondělí do čtvrtka brázdila... Formule 1 1
2. V českých médiích se minulý tý... kozy (a kozly) 1
3. 39letá americká zpěvačka natoč... Katy Perry 1
4. V pondělí prohlásila polská sp... CZC.cz 0
5. Který český fotbalista přestou... Adam Hložek 1
6. Ve kterém americkém filmu z ro... Ladíme! (Pitch Perfect) 0
7. Francouzská hudební komedie s... Piti Piti Pa 1
8. V hudební animované pohádce Tr... Justin Timberlake 1
9. V Hříšném tanci si zahráli hla... Frances, Baby 1
10. Jak se jmenuje československý... Kdyby tisíc klarinetů 1